Environment and Development Economics Published in Association with the Beijer Institute of Ecological Economics, Royal Swedish Academy of Sciences

Guardado en:
Detalles Bibliográficos
Formato: Seriadas
Lenguaje:inglés
Publicado: New York Cambridge University Press 2018
Etiquetas: Agregar Etiqueta
Sin Etiquetas, Sea el primero en etiquetar este registro!

MARC

LEADER 00000nas2a2200000 4500
001 0245656
005 20230130081742.9
022 |a 1335-770X 
041 0 |a eng 
044 |a US 
245 1 0 |a Environment and Development Economics  |b Published in Association with the Beijer Institute of Ecological Economics, Royal Swedish Academy of Sciences 
264 1 |a New York  |b Cambridge University Press  |c 2018 
773 0 |w eu_un_cat*0141965 
774 0 |w eu_un_cat*0290604